Chemistry of natural products. V 1. Organic (Record no. 24659)

MARC details
000 -LEADER
fixed length control field 00328nam a2200121Ia 4500
082 ## - DEWEY DECIMAL CLASSIFICATION NUMBER
Classification number 547.9
Item number SUB.1
100 ## - MAIN ENTRY--AUTHOR NAME
Personal name Subash Chandra Rastogi
245 #0 - TITLE STATEMENT
Title Chemistry of natural products. V 1. Organic
260 ## - PUBLICATION, DISTRIBUTION, ETC. (IMPRINT)
Place of publication Meerut
Name of publisher Jai Prakash Nath
Year of publication 1975
650 ## - SUBJECT ADDED ENTRY--TOPICAL TERM
Topical Term Alkaloids
942 ## - ADDED ENTRY ELEMENTS (KOHA)
Koha item type Books
Holdings
Withdrawn status Lost status Damaged status Not for loan Home library Current library Date acquired Cost, normal purchase price Full call number Accession Number Koha item type
        RRII Library RRII Library 16/12/2021 25.00 547.9 SUB.1 05333 Books